UBT Library

Harper Rewiwv Biochemistry (Record no. 50069)

000 -LEADER
fixed length control field 00268nam a22001217a 4500
008 - FIXED-LENGTH DATA ELEMENTS--GENERAL INFORMATION
fixed length control field 181017b xxu||||| |||| 00| 0 eng d
041 ## - LANGUAGE CODE
Language code of text/sound track or separate title eng
080 ## - UNIVERSAL DECIMAL CLASSIFICATION NUMBER
Universal Decimal Classification number 575
100 ## - Rafti
Rafti 5
101 ## - Shkurtesa
Shkurtesa BIK
245 ## - TITLE STATEMENT
Title Harper Rewiwv Biochemistry
Statement of responsibility, etc Martin.D.W
942 ## - ADDED ENTRY ELEMENTS (KOHA)
Source of classification or shelving scheme
Item type Books
Holdings
Withdrawn status Lost status Source of classification or shelving scheme Damaged status Not for loan Collection code Permanent location Current location Shelving location Date acquired Total Checkouts Full call number Barcode Date last seen Price effective from Koha item type
          Koleksioni i përgjithshem UBT - Lipjan UBT - Lipjan Koleksioni i përgjithshem 10/17/2018   575 MAR 002-3015810 10/17/2018 10/17/2018 Books
UBT Library © 2015-2024. All rights reserved University Education for Business and Technology